000 00988nas a2200325 4500
001 BR0705840
003 BR-BrBNA
005 20231205111211.0
007 ta
008 230509b bl.|||p| |||| 00| 00por d
040 _aBR-BrBNA
_bpor
_cBiblioteca Nacional de Agricultura
041 _a(Pt)
072 _aL73; L10
100 1 _aCury, R.
100 1 _aCosta, E.O. da
100 1 _aSchmidt, A.M.
100 1 _aPereira, D.A.
100 1 _aOrrico, J.A.
100 1 _aSerra, E.G.
100 1 _aHipólito, M.
100 1 _aGenovez, M.
100 1 _aDutra, L.F.
100 1 _aMacedo, M.M. de
245 1 _aNova prova, o hotis-antibiograma para orientação de tratamento da mastite bovina
650 _aBOVINO
650 _aMAMITE
773 0 _tRevista da Faculdade de Medicina Veterinária e Zootecnia da Universidade de São Paulo (Brazil)
_xISSN 0303-7525
_g(1977), v. 14(2) p. 309-313
_wBR0705840
909 _a202311
_bLúcia
_c55
_dLúcia Elande
942 _2AGRIS
_n0
_cANA
999 _c191299
_d191299